|
|
|
แสดงรายละเอียดบรรณานุกรม |
|
|
Brief Record
: Get Marc (ISO 2709)
: E-mail record
: |
|
|
| LEADER 00000nam 2200000uu 4500 | |||
| 001 54422 | |||
| 003 ULIBM | |||
| 008 240624s||||||||th 000 0 tha d | |||
| 020 ^a9786160442614 | |||
| 082 0 ^a500^bช-ก 2561 | |||
| 100 0 ^aชิน,ควังบก | |||
| 245 00 ^aการสำรวจอวกาศ/^cชิน ควังบก | |||
| 250 ^aพิมพ์ครั้งที่ 1 | |||
| 260 ^aกรุงเทพฯ:^bนานมีบุ๊คส์,^c2561 | |||
| 300 ^a224 หน้า:^bภาพประกอบ 265 บาท | |||
| 440 ^aเก่งวิทย์ด้วยตนเองจนคุณครูตกใจ | |||
| 541 ^a265 บาท | |||
| 650 0 ^aอากาศ | |||
| 700 0 ^aสาริณี โพธิ์เงิน,^eผู้แปล | |||
| 999 ^ananthaya | |||
| คุณยังไม่ได้ล็อกอิน คุณสามารถมีกิจกรรมร่วมกับเว็บไซต์ได้ แต่ต้องล็อกอินก่อน :: |
|
| สถานะ | |||||||||
| 1. | หนังสือ | 500 ช-ก 2561 Barcode: 085575 | ►หนังสือทั่วไป | On Shelf ขอยืม | |||||
| [แสดง 1/1 รายการ] | |||||||||

| รายการใกล้เคียง ผู้แต่ง [ชิน,ควังบก] หัวเรื่อง [อากาศ]
|
BibComment |
| คอมเมนท์ทรัพยากรรายการนี้ |
|
|
ห้องสมุดโรงเรียนสามัคคีวิทยาคม
159 ถ.บรรพปราการ ต.เวียง อ.เมือง จ.เชียงราย 57000
โทร. 053-711018 โทรสาร 053-713003